| 000 | 00358nam a2200145Ia 4500 | ||
|---|---|---|---|
| 005 | 20250509020401.0 | ||
| 008 | 240331s9999 xx 000 0 und d | ||
| 082 |
_bSAH _a894 |
||
| 100 | _aSahana, K | ||
| 245 | 0 | _aOru thevathaik kanavu | |
| 260 |
_aJaffna _bMalikai Panthal Veliyidu _c1997 |
||
| 300 | _a208 p ., | ||
| 650 | _aSirugathai Thoguthi | ||
| 942 | _cL | ||
| 999 |
_c4301 _d4301 |
||